00799nam a22002177a 450000500170000001000140001702000260003103500130005703700130007008200170008310000250010024500710012526000530019627000800024930000250032950000500035470000090040494200310041399900170044495201200046120100730145419.0 aENG-97471 a9789380431017c400.00 aEN-81004 bDBAD/PUB a305.23095482 aAlex, Gebriele93843 aLearning and embodying cast, class and gender /cby Gabriele Alex  aChennai bNational Folklore Support Centrec2009 a508, Fifth Floor, Kaveri Complex, 96, Mahatma Gandhi RoadbChennai e600034 a207 p.c24 cm (Pbk)  aIncludes bibliographical references and index 92660 2ddccENmALEh305.23095482 c38310d38310 001040718NFICaDBADbDBADd2010-07-30g400.00l0o305.23095482 ALEpEN-81004r2010-07-30 00:00:00t1v400.00yEN